| 000 | 00526nam a2200253Ia 4500 | ||
|---|---|---|---|
| 008 | 210210b1929 xxu||||| |||| 00| 0 eng d | ||
| 041 | _aeng | ||
| 082 | _a920/118 | ||
| 100 | _a- | ||
| 245 | _aNotes on the debates in the house of lords Vol XLII | ||
| 260 |
_aLondon _b- _c1929 |
||
| 650 | _aXLII | ||
| 650 | _aVol | ||
| 650 | _athe | ||
| 650 | _aon | ||
| 650 | _aof | ||
| 650 | _aNotes | ||
| 650 | _alords | ||
| 650 | _ain | ||
| 650 | _ahouse | ||
| 650 | _adebates | ||
| 690 | _aHistory | ||
| 906 | _a024860 | ||
| 999 |
_c150480 _d150480 |
||